=LDR 00000nam 2200000 4500 =001 000919 =005 20250712124030 =035 ##$$a 0010-0725000797 =007 ta =008 250712################a##########0#ind## =020 ##$$a 978-623-194-326-2 =082 ##$$a 398.209 598 =084 ##$$a 398.209 598 ARY r =100 #$$a Ary nilandari =245 1#$$a Rahasia kak risa /$c Ary nilandari =250 ##$$a Cetakan pertama =260 ##$$a Rawamangun :$b Badan pengembangan dan pembinaan bahasa,$c 2022 =300 ##$$a 28 hlm. : $b Ilus. ; $c 29,7cm =650 #4$$a Cerita anak indonesia